| 000 | 00410nam a2200169Ia 4500 | ||
|---|---|---|---|
| 008 | 230524s9999 xx 000 0 und d | ||
| 020 | _a8178081458 | ||
| 082 |
_a4 _bKES |
||
| 100 | _aS.Keshav | ||
| 245 | 3 | _aAn Engineering Approach to Computer Networking | |
| 250 | _a7TH | ||
| 260 |
_aSINGAPORE _bPearson _c2004 |
||
| 300 | _aXVIII;660 | ||
| 500 | _aQuantity Number: 2 | ||
| 650 | _aComp-Sc | ||
| 942 | _cBK | ||
| 999 |
_c3880 _d3880 |
||